| 000 | 00624nam a2200193Ia 4500 | ||
|---|---|---|---|
| 003 | GCL | ||
| 008 | 140319s9999 xx 000 0 ara d | ||
| 040 |
_aGCL / _cGCL |
||
| 082 | 0 | 4 |
_a410.92 _bع ج |
| 100 | 1 | _aعبدالعال سالم مكرم | |
| 245 | 1 | 0 |
_aجلال الدين السيوطى وأثره فى الدراسات اللغوية / _cعبدالعال سالم مكرم |
| 300 | _a639 | ||
| 490 |
_aكتاب _v0 |
||
| 650 | 0 | 4 | _aاللغة العربية |
| 650 | 0 | 4 | _aاللغويون |
| 650 | 0 | 4 | _aاللغة العربية - تراجم |
| 650 | 0 | 4 | _aجلال الدين السيوطى |
| 942 |
_2ddc _cBK |
||
| 999 |
_c41757 _d41757 |
||